Test & Measurement Catalog 1991 (Record no. 60772)
[ view plain ]
| 000 -LEADER | |
|---|---|
| fixed length control field | 00629nam a22001937a 4500 |
| 003 - CONTROL NUMBER IDENTIFIER | |
| control field | NUST-PNEC |
| 005 - DATE AND TIME OF LATEST TRANSACTION | |
| control field | 20170116180707.0 |
| 008 - FIXED-LENGTH DATA ELEMENTS--GENERAL INFORMATION | |
| fixed length control field | 140927b xxu||||| |||| 00| 0 eng d |
| 022 ## - INTERNATIONAL STANDARD SERIAL NUMBER | |
| International Standard Serial Number | B000NDQOCM |
| 040 ## - CATALOGING SOURCE | |
| Transcribing agency | PNEC |
| 082 ## - DEWEY DECIMAL CLASSIFICATION NUMBER | |
| Classification number | 621.3815 HEW |
| 100 ## - MAIN ENTRY--PERSONAL NAME | |
| 9 (RLIN) | 386 |
| Personal name | Hewlett, Packard |
| 245 ## - TITLE STATEMENT | |
| Title | Test & Measurement Catalog 1991 |
| Statement of responsibility, etc. | Hawlett Packard |
| 260 ## - PUBLICATION, DISTRIBUTION, ETC. | |
| Place of publication, distribution, etc. | Santa Clara |
| Name of publisher, distributor, etc. | Marketing communication |
| Date of publication, distribution, etc. | 1990 |
| 300 ## - PHYSICAL DESCRIPTION | |
| Extent | 760 p. : |
| Other physical details | ill. : |
| Dimensions | 28 cm. |
| 500 ## - GENERAL NOTE | |
| General note | http://www.amazon.com/Test-Measurement-Catalog-1991/dp/B000NDQOCM/ref=sr_1_1?s=books&ie=UTF8&qid=1411802181&sr=1-1&keywords=B000NDQOCM |
| 650 ## - SUBJECT ADDED ENTRY--TOPICAL TERM | |
| General subdivision | EL |
| 942 ## - ADDED ENTRY ELEMENTS (KOHA) | |
| Source of classification or shelving scheme | |
| Koha item type | Book |
| Withdrawn status | Lost status | Source of classification or shelving scheme | Damaged status | Not for loan | Permanent Location | Current Location | Shelving location | Date acquired | Source of acquisition | Total Checkouts | Full call number | Barcode | Date last seen | Price effective from | Koha item type |
|---|---|---|---|---|---|---|---|---|---|---|---|---|---|---|---|
| Pakistan Navy Engineering College (PNEC) | Pakistan Navy Engineering College (PNEC) | Reference | 05/02/1995 | Donated | 621.3815 HEW | PNECLIB-017947 | 09/27/2014 | 05/02/1995 | Book |
